000 00613nam a22001217a 4500
008 110628t xxu||||| |||| 00| 0 eng d
010 _aHCMAF106
245 _aHigh Court Misc. Application No. HCT-01-CV-MA-0015-2004 Kasoro Williams and 5 others Vs Bundibugyo District Local Government Council
260 _c2004
500 _aBEFORE: THE HONOURABLE MR. JUSTICE LAMECK N. MUKASA
999 _c4283
_d4283